Arrêts de la ligne S6 de Lyon (TCL) - Statistiques

Statistiques générales
  • Ce quiz a été pris 13 fois
  • Le résultat moyen est 9 sur 10
Statistiques - réponses
Lieu de résidence Arrêt % Correct
Lyon 4e Austerlitz
100%
Lyon 1er Colbert
100%
Lyon 4e Croix-Rousse
100%
Lyon 1er Hôtel de Ville Louis Pradel
100%
Lyon 1er Jardin des Plantes
100%
Lyon 1er Mairie du 1er
100%
Lyon 1er Terreaux - Tobie Robatel
100%
Lyon 1er Pouteau
89%
Lyon 1er Tables Claudiennes
89%
Lyon 1er Neyret
67%
Aucun quiz correspondant
Distribution des résultats
% des personnes avec chaque résultat
Percentile par nombre de réponses
Votre historique - résultats
Vous n’avez pas pris ce quiz